00608nam a2200241Ia 4500008004100000020001700041050001400058100001900072245004500091245005000136260001900186260001600205260000900221300001400230300002600244300001000270440001800280500000700298650001100305650002200316700001700338700001100355181129s9999 xx 000 0 und d a078073003501 bK483 1997 aKilgras, Heidi 0aWhat will I do if I can't tie my shoe? / 0cby Heidi Kilgras ; illustrated by Dana Regan. aNew York, NY : bScholastic, c1997 aunpaged : bcolor illustrations ; c20cm. aRead with me. aBR aShoes. aStories in rhyme. aRegan, Dana. aTitle.